01964cam a22004694i 4500003000900000005001700009008004100026035001900067035001900086040003300105082002200138100003300160245010000193264007100293300006500364336002100429337002500450338002300475504002800498505020900526526001000735526001000745526000900755526000900764526000900773526000900782526000900791526000900800526000900809526000800818526000800826526000800834526000800842526000800850942001400858949018600872994001401058596000601072999022101078980005501299952014001354PE-LiUPU20250731165531.0150623s r 000 0 d a(Sirsi) a29597 a(Sirsi) a29597 aPE-LiUPUbspacPE-LiUPUerda04a280.4009bL462211 aLéonard, Emile G.,eautor.10aHistoria general del protestantismo :bexpansión y estado actual.n4 /cÉmile G. Léonard. 1aBarcelona, España :bColecciones Península Edicions 62,c1967. a348 páginas :bilustraciones fotos, , gráficos ;c24 cm. atext2rdacontent aunmediated2rdamedia avolume2rdacarrier aIncluye bibliografía.0 aLos territorios de repoblación protestante. -Las misiones protestantes. -El protestantismo en la primera mitad del siglo XX. -Los efectivos del protestantismo. -Las estructuras. -Los problemas actuales. aSEG44 aSEG26 aP151 aP150 aP149 aP146 aP145 aP126 aP125 aP92 aP75 aP74 aP27 aP15 2ddccBOOK aRC 280.4009 L46 4wDEWEYc1i07424lRCmBULr0sYtBOOKu2015-6-24xTEOLOGIAPP350COMPRAo.CIRCNOTE. No olvidar cambiar la fecha de devolución!!!!!!!o.STAFF. Colección General aC0bPEPRU a1 aRC 280.4009 L46 4wDEWEYc36970i07424d36970f2021-11-8g6lCCODEBUL1mBULq4r1sYtBOOKu2015-6-24xTEOLOGIAPP350COMPRAo.CIRCNOTE. No olvidar cambiar la fecha de devolución!!!!!!!o.STAFF. Colección General 81gALBERTO SANCHEZ Responsable de Automatización r2025-12-02 00:00:00i7l0oRC 280.4009 L46 4p07424te1w2015-06-24xFTyREF102ddc50718REFfP35aBULbBULcREFd2015-06-24eCOMPRA